An intellectual History of Psychology / (Record no. 176890)
[ view plain ]
| 000 -LEADER | |
|---|---|
| fixed length control field | 00481 a2200157 4500 |
| 003 - CONTROL NUMBER IDENTIFIER | |
| control field | Nust |
| 005 - DATE AND TIME OF LATEST TRANSACTION | |
| control field | 20221205100351.0 |
| 040 ## - CATALOGING SOURCE | |
| Transcribing agency | Nust |
| 082 ## - DEWEY DECIMAL CLASSIFICATION NUMBER | |
| Classification number | 150.9,ROB |
| 245 ## - TITLE STATEMENT | |
| Title | An intellectual History of Psychology / |
| Statement of responsibility, etc. | Robinson,Daniel.N |
| 250 ## - EDITION STATEMENT | |
| Edition statement | 3th ed |
| 260 ## - PUBLICATION, DISTRIBUTION, ETC. | |
| Place of publication, distribution, etc. | Islamabad |
| Name of publisher, distributor, etc. | National Book foundation |
| 300 ## - PHYSICAL DESCRIPTION | |
| Extent | viii,381 p.; |
| 505 ## - FORMATTED CONTENTS NOTE | |
| Formatted contents note | Philosophical (Page-3), From Philosophy to Psychology (Page-149), Scientific Psychology (Page-259). |
| 942 ## - ADDED ENTRY ELEMENTS (KOHA) | |
| Source of classification or shelving scheme | |
| Koha item type | Book |
| Call number prefix | 150.9,ROB |
| Withdrawn status | Lost status | Source of classification or shelving scheme | Damaged status | Not for loan | Permanent Location | Current Location | Shelving location | Date acquired | Full call number | Barcode | Date last seen | Price effective from | Koha item type | Public note |
|---|---|---|---|---|---|---|---|---|---|---|---|---|---|---|
| Military College of Signals (MCS) | Military College of Signals (MCS) | General Stacks | 12/12/2016 | 150.9,ROB | MCS34355 | 12/08/2016 | 12/12/2016 | Book | Almirah No.73, Shelf No.1 | |||||
| Military College of Signals (MCS) | Military College of Signals (MCS) | General Stacks | 12/12/2016 | 150.9,ROB | MCS34356 | 12/08/2016 | 12/12/2016 | Book | Almirah No.46, Shelf No.3 |
